Bergen County Municipalities - Statistics

General Stats
  • This quiz has been taken 63 times
  • The average score is 39 of 70
Answer Stats
Hint Answer % Correct
P Paramus
83%
A Alpine
77%
M Mahwah
74%
T Teaneck
74%
T Tenafly
74%
A Allendale
71%
B Bergenfield
71%
C Closter
71%
E Englewood
71%
H Hackensack
71%
R Ridgewood
71%
D Demarest
69%
F Fort Lee
69%
R Ramsey
69%
C Cresskill
66%
M Montvale
66%
U Upper Saddle River
66%
W Wyckoff
66%
R River Vale
63%
S Saddle River
63%
W Westwood
63%
B Bogota
60%
D Dumont
60%
E Emerson
60%
F Fair Lawn
60%
H Haworth
60%
H Ho Ho Kus
60%
L Lodi
60%
O Oradell
60%
E Edgewater
57%
E Englewood Cliffs
57%
F Franklin Lakes
57%
M Maywood
57%
P Park Ridge
57%
W Washington Township
57%
R Rutherford
54%
H Hillsdale
51%
L Leonia
51%
N New Milford
51%
O Oakland
51%
R Ridgefield
51%
R Ridgefield Park
51%
R River Edge
51%
S South Hackensack
51%
T Teterboro
51%
E East Rutherford
49%
H Hasbrouck Heights
49%
M Midland Park
49%
O Old Tappan
49%
S Saddle Brook
49%
W Wallington
49%
F Fairview
46%
G Garfield
46%
G Glen Rock
46%
P Palisades Park
46%
W Waldwick
46%
C Cliffside Park
43%
H Harrington Park
43%
L Lyndhurst
43%
M Moonachie
43%
N Northvale
43%
W Woodcliff Lake
43%
E Elmwood Park
40%
L Little Ferry
40%
N North Arlington
40%
C Carlstadt
37%
N Norwood
37%
R Rockleigh
34%
W Wood-Ridge
34%
R Rochelle Park
31%
No matching quizzes found
Score Distribution
Percent of People with Each Score
Percentile by Number Answered
Your Score History
You have not taken this quiz